AL-HIKMAH UNIVERSITY JOURNAL OF ISLAMIC LAW (Record no. 43675)

MARC details
003 - CONTROL NUMBER IDENTIFIER
control field 43692
005 - DATE AND TIME OF LATEST TRANSACTION
control field 20251008210202.0
008 - FIXED-LENGTH DATA ELEMENTS--GENERAL INFORMATION
fixed length control field 251008b |||||||| |||| 00| 0 eng d
022 ## - INTERNATIONAL STANDARD SERIAL NUMBER
International Standard Serial Number 2222-4567
040 ## - CATALOGING SOURCE
Transcribing agency Nile university of Nigeria, Abuja.
Description conventions rda
050 ## - LIBRARY OF CONGRESS CALL NUMBER
Classification number K 60 .A5
082 ## - DEWEY DECIMAL CLASSIFICATION NUMBER
Classification number K 60 .A5
245 ## - TITLE STATEMENT
Title AL-HIKMAH UNIVERSITY JOURNAL OF ISLAMIC LAW
250 ## - EDITION STATEMENT
Edition statement Vol.1,No.1,2017
260 ## - PUBLICATION, DISTRIBUTION, ETC. (IMPRINT)
Place of publication, distribution, etc Ilorin
Name of publisher, distributor, etc Unilorin Press
Date of publication, distribution, etc 2017
264 ## - PUBLICATION, DISTRIBUTION, ETC. (IMPRINT)
Place of publication, distribution, etc Ilorin
Name of publisher, distributor, etc Unilorin Press
Date of publication, distribution, etc 2017
300 ## - PHYSICAL DESCRIPTION
Other physical details vii, 295pg., 30 cm
336 ## - CONTENT TYPE
Source rdacontent
338 ## - CARRIER TYPE
Source rdacarrier
942 ## - ADDED ENTRY ELEMENTS (KOHA)
Source of classification or shelving scheme Library of Congress Classification
Koha item type JOURNALS
Holdings
Withdrawn status Lost status Source of classification or shelving scheme Damaged status Not for loan Permanent Location Current Location Shelving location Date acquired Total Checkouts Date last seen Price effective from Koha item type
    Library of Congress Classification     Law Library Law Library Items on shelf 07/22/2020   10/08/2025 10/08/2025 JOURNALS
    Library of Congress Classification     Law Library Law Library Items on shelf 07/22/2020   10/08/2025 10/08/2025 JOURNALS
    Library of Congress Classification     Law Library Law Library Items on shelf 07/22/2020   10/08/2025 10/08/2025 JOURNALS